00595nam a22001937a 4500003000400000005001700004008003000021020001800051040002500069082002400094100003000118245005200148260004900200300002000249490001300269500006900282650002400351650002600375OSt20210623134409.0210318b 2020 dr 00| 0 spa d a9789945503876 aDO-SdBNPbspacBNPHU 4aRD861.44bG993m22210aGuzmàn, Ángel,d1971-10aMelodías del pensamiento /cÁngel Guzmán  aSanto Domingo :bEdiciones Ferilibro,c2020. a263 p. ;c21 cm1 aPoesía aIncluye datos biográficos del autor en a solapa de la cubierta 4aPoesía dominicana 4aLiteratura dominicana